Adicciones : (Record no. 156673)
[ view plain ]
| 000 -CABECERA | |
|---|---|
| campo de control de longitud fija | 00955nam a2200253 u 4500 |
| 005 - FECHA Y HORA DE LA ÚLTIMA TRANSACCIÓN | |
| campo de control | 20240308063714.0 |
| 008 - ELEMENTOS DE LONGITUD FIJA--INFORMACIÓN GENERAL | |
| campo de control de longitud fija | 120523s2010 ag r 000 0 spa d |
| 020 ## - NÚMERO INTERNACIONAL NORMALIZADO PARA LIBROS | |
| Número Internacional Estándar del Libro | 9789875911994 |
| 035 ## - NÚMERO DE CONTROL DEL SISTEMA | |
| Número de control de sistema | UPN01000184570 |
| 049 ## - COLECCIÓN | |
| Colección | CG |
| 050 #4 - SIGNATURA TOPOGRÁFICA DE LA BIBLIOTECA DEL CONGRESO | |
| Número de clasificación | HV5824 Y6.8 |
| Número de documento/Ítem | A3.4 |
| 245 00 - MENCIÓN DE TÍTULO | |
| Título | Adicciones : |
| Resto del título | nuevos paraisos artificiales : indagaciones en torno de los jóvenes y sus consumos / |
| Mención de responsabilidad, etc. | Susana T. de Guiñazú ... [et al.] ; comp. Margarita Barrón. |
| 260 ## - PUBLICACIÓN, DISTRIBUCIÓN, ETC. | |
| Lugar de publicación, distribución, etc. | Córdoba, Arg. : |
| Nombre del editor, distribuidor, etc. | Universidad Nacional de Córdoba : |
| -- | Brujas, |
| Fecha de publicación, distribución, etc. | 2010. |
| 300 ## - DESCRIPCIÓN FÍSICA | |
| Extensión | 309 p. : |
| 440 #0 - MENCIÓN DE SERIE/ASIENTO SECUNDARIO--TÍTULO | |
| Título | Adolescencia, educación y salud ; |
| Designación de volumen o secuencia | 4 |
| 650 #4 - ASIENTO SECUNDARIO DE MATERIA - TERMINO TEMATICO | |
| Término de materia o nombre geográfico como elemento de entrada | Drogas y jóvenes |
| 9 (RLIN) | 1397 |
| 650 #0 - ASIENTO SECUNDARIO DE MATERIA - TERMINO TEMATICO | |
| Término de materia o nombre geográfico como elemento de entrada | Adolescentes |
| Subdivisión general | Conducta de vida |
| 9 (RLIN) | 1767 |
| 650 #7 - ASIENTO SECUNDARIO DE MATERIA - TERMINO TEMATICO | |
| Término de materia o nombre geográfico como elemento de entrada | Abuso de drogas |
| Subdivisión general | Tratamiento |
| Fuente del encabezamiento o término | |
| 9 (RLIN) | 5969 |
| 650 #2 - ASIENTO SECUNDARIO DE MATERIA - TERMINO TEMATICO | |
| Término de materia o nombre geográfico como elemento de entrada | Medios masivos de comunicación |
| Subdivisión general | Aspectos sociales |
| 9 (RLIN) | 5452 |
| 700 1# - ASIENTO SECUNDARIO--NOMBRE DE PERSONAL | |
| Nombre de persona | Guiñazú, Susana T. de, |
| Término indicativo de función/relación | coaut. |
| 700 1# - ASIENTO SECUNDARIO--NOMBRE DE PERSONAL | |
| Nombre de persona | Barrón, Margarita, |
| Término indicativo de función/relación | comp. |
| 905 ## - TIPO DE MATERIAL | |
| Tipo de material | Libro |
| Estado de retiro | Estado de pérdida | Fuente del sistema de clasificación o colocación | Estado dañado | No para préstamo | Código de colección | Localización permanente | Ubicación/localización actual | Ubicación en estantería | Fecha de adquisición | Total de préstamos | Renovaciones totales | Clasificación | Código de barras | Fecha visto por última vez | Fecha del último préstamo | Número de copia | Tipo de ítem Koha |
|---|---|---|---|---|---|---|---|---|---|---|---|---|---|---|---|---|---|
| Library of Congress Classification | Colección General | Bib. Gregorio Torres Quintero | Bib. Gregorio Torres Quintero | Planta baja | 17/04/2024 | 22 | 1 | HV5824 Y6.8 A3.4 | 282453 | 03/06/2025 | 26/05/2025 | 1 | Libro | ||||
| Library of Congress Classification | Colección General | Bib. Gregorio Torres Quintero | Bib. Gregorio Torres Quintero | Planta baja | 18/09/2023 | 34 | HV5824 Y6.8 A3.4 | 282455 | 06/05/2024 | 22/04/2024 | 1 | Libro | |||||
| Library of Congress Classification | Colección General | Bib. Gregorio Torres Quintero | Bib. Gregorio Torres Quintero | Planta baja | 29 | HV5824 Y6.8 A3.4 | 282454 | 14/03/2025 | 05/03/2025 | 1 | Libro |
